000 00264nam a2200109Ia 4500
005 20251222141922.0
008 251222s9999||||xx |||||||||||||| ||spa||
082 _a287.31/C76
245 0 _aCreciendo en Familia
264 _bEscuela de Padres Católicos
942 _cLIB
999 _c8741
_d8741